000 01081nam a22002657a 4500
003 DO-SdBNP
005 20240226144535.0
007 ta
008 210623e2004 dr ||||er|||| 001 s spa d
040 _aDO-SdBNP
_bspa
_cBNPHU
041 _hspa
082 4 _a320.97293
_bV297d
_222
100 1 _aVargas Maldonado , Miguel
_978979
245 1 3 _aDiscursos & charlas, 2000-2004 /
_c Miguel Vargas Maldonado ; compilador, Eulalio Almonte- Rubiera ; editor, Ramón Calcaño.
260 _aSanto Domingo :
_bSecretaría de Estado de Obras Públicas y Comunicaciones.
_c 2004.
300 _a382 p. ;
_c24 cm.
590 _aInventariado, 2021 /MF
600 1 4 _aVargas Maldonado, Miguel,
_d1957-
_vEnsayos, conferencias, etc.
_979288
651 4 _aRepública Dominicana
_xPolítica y gobierno
_vEnsayos, conferencias, etc.
_9205
651 4 _aRepública Dominicana
_xObras públicas
_vEnsayos, conferencias, etc.
_979289
700 1 2 _aAlmonte - Rubiera, Eulalio,
_ecomp.
_978981
700 1 2 _aCalcaño, Ramón
_eed.
_978982
910 _aValidado. Control de calidad MFF
942 _2ddc
_cLBS1
999 _c49991
_d49991